Financial policy and Mgt. Accounting (Record no. 3500)

MARC details
000 -LEADER
fixed length control field 00443nam a22001817a 4500
005 - DATE AND TIME OF LATEST TRANSACTION
control field 20180711121444.0
008 - FIXED-LENGTH DATA ELEMENTS--GENERAL INFORMATION
fixed length control field 160622b xxu||||| |||| 00| 0 eng d
020 ## - INTERNATIONAL STANDARD BOOK NUMBER
ISBN 978-81-203-2672-9
041 ## - LANGUAGE CODE
Language code of text/sound track or separate title eng
082 ## - DEWEY DECIMAL CLASSIFICATION NUMBER
Item number 8930
Classification number 658.1511
100 ## - MAIN ENTRY--AUTHOR NAME
Personal name Banerjee, Bhabatosh
245 ## - TITLE STATEMENT
Title Financial policy and Mgt. Accounting
250 ## - EDITION STATEMENT
Edition statement 7th ed.
260 ## - PUBLICATION, DISTRIBUTION, ETC. (IMPRINT)
Name of publisher PHI
Place of publication new delhi
300 ## - PHYSICAL DESCRIPTION
Number of Pages 802p.
650 ## - SUBJECT ADDED ENTRY--TOPICAL TERM
Topical Term Management
942 ## - ADDED ENTRY ELEMENTS (KOHA)
Koha item type Books
Holdings
Lost status Damaged status Collection code Home library Current library Shelving location Date acquired Cost, normal purchase price Full call number Accession Number Koha item type
    MANAGEMENT JRU Library JRU Library SHELF-71-L 22/06/2016 350.00 658.1511 8930 Books
    MANAGEMENT JRU Library JRU Library SHELF-71-L 22/06/2016 350.00 658.1511 8931 Books
    MANAGEMENT JRU Library JRU Library SHELF-71-L 22/06/2016 350.00 658.1511 8932 Books
    MANAGEMENT JRU Library JRU Library SHELF-75-J 22/06/2016 350.00 658.1511 8933 Books
Lost     JRU Library JRU Library   22/06/2016 350.00 658.1511 8934 Books
    MANAGEMENT JRU Library JRU Library SHELF-71-L 22/06/2016 350.00 658.1511 8935 Books